000 00865nmm a2200265 a 4500
001 ocm000702111
003 TR-IsHL
005 20201028135705.0
008 131209s2007 tu tur
007 cr cn
035 _a702111
_b(N$T)
050 0 4 _aPL240
_b.T68 2007
090 0 4 _aPL240
_b.T68 2007
100 1 _aToudouze, George
245 1 0 _aKayıp ülkenin kralı
_h[electronic resource] /
_cGeorge Toudouze ; editör Derya Günay
260 _aİstanbul :
_bBirleşik Yayın Grubu,
_c2007
300 _a63 p.
650 4 _aDil ve Edebiyat
650 4 _aLanguage and Literature
650 0 _aÇocuk edebiyatı
650 0 _aChildren's literature
650 7 _aLITERARY CRITICISM / Children's Literature
_2bisacsh
700 1 _aGünay, Derya
856 4 0 _uhttp://search.ebscohost.com/login.aspx?direct=true&scope=site&db=e011xww&AN=702111
999 _c6880
_d6880